Stupid Quotes to Famous People - Statistics

General Stats
  • This quiz has been taken 184 times
  • The average score is 7 of 15
Answer Stats
Question Answer % Correct
"I think I am, actually humble. I think I'm much more humble than you would understand."? Donald Trump
71%
"I don't think there is anything particularly wrong about hitting a woman. An open-handed slap is justified if all other alternatives fail and there has been plenty of warning. If a woman is a bitch, or hysterical, or bloody-minded continually, then I'd do it." Sean Connery
71%
''I think that the film Clueless was very deep. I think it was deep in the way that it was very light. I think lightness has to come from a very deep place if it's true lightness.'' Alicia Silverstone
57%
“I am so credible and so influential and so relevant that I will change things.” Kanye West
57%
''I might fade into Bolivian''? Mike Tyson
57%
‘I’ve never really wanted to go to Japan, simply because I don’t like eating fish and I know that’s very popular out there in Africa.’ Britney Spears
43%
‘They misunderestimated me.’? George W. Bush
43%
‘I’d rather smoke crack than eat cheese from a tin.’ Gwyneth Paltrow
43%
‘No, no, I didn’t go to England; I went to London.’? Paris Hilton
43%
"All of a sudden, you're like the Bin Laden of America. Osama bin Laden is the only one who knows what I'm going through." R. Kelly
43%
''I think that gay marriage is something that should be between a man and a woman.''? Arnold Schwarzenegger
29%
‘There’s an old saying in Tennessee – I know it’s in Texas, probably in Tennessee – that says, fool me once, shame on…shame on you. Fool me – you can’t get fooled again.’ George W. Bush
29%
"Is this chicken, what I have, or is this fish? I know it's tuna, but it says 'Chicken of the Sea.'"? Jessica Simpson
29%
"What are you looking at, sugar t*ts?" Mel Gibson
29%
''I get to go to lots of overseas places, like Canada ''? Britney Spears
14%
No matching quizzes found
Score Distribution
Percent of People with Each Score
Percentile by Number Answered
Your Score History
You have not taken this quiz